|
|
|
|
| LEADER |
00798cam a2200169 7i4500 |
| 001 |
0000016087 |
| 005 |
20050826090000.0 |
| 090 |
0 |
0 |
|a CD 064.6025
|b MAL(M)
|
| 110 |
1 |
0 |
|a Malaysia External Trade Development Corporation (MATRADE)
|
| 245 |
0 |
0 |
|a Malaysia :
|b Information & communications technology :
|b Information & communications technology :
|b products & services directory.
|
| 260 |
0 |
0 |
|a Kuala Lumpur:
|b MATRADE,
|c (200_).
|
| 300 |
# |
# |
|a Electronic computer optical disc (CD-ROM).
|
| 650 |
0 |
0 |
|a Information technology --
|x Directories --
|z Malaysia
|
| 650 |
0 |
0 |
|a Computers software industry --
|x Directories --
|z Malaysia
|
| 650 |
0 |
0 |
|a Information technology --
|x Equipment and supplies --
|x Directories --
|z Malaysia
|
| 651 |
0 |
0 |
|a Malaysia
|
| 999 |
|
|
|a CDR000486H
|b CD-ROM
|c AV Collection
|e Business Information Centre
|